| 000 | 00763nam a2200193 i 4500 | ||
|---|---|---|---|
| 001 | 166383 | ||
| 003 | ES-MaACL | ||
| 005 | 20250804062629.0 | ||
| 008 | 940301s1889 sp |||| | spa d | ||
| 100 | 1 |
_aTolosa Latour, Manuel, _d1857-1919 _9110485 |
|
| 245 | 1 | 0 |
_aNiñerías / _cManuel Tolosa Latour ; con un prólogo de B. Pérez Galdós. |
| 260 |
_aMadrid : _b[s.n.], _c1889 ( _fTip. de Manuel Ginés Hernández) |
||
| 300 |
_aXII, 285 p. ; _c18 cm. |
||
| 530 | _aDisponible en formato digital. | ||
| 700 | 1 |
_aPérez Galdós, Benito, _d1843-1920 _990871 |
|
| 852 |
_aES-MaACL _jR-2261 _z- Enc. pasta española _x- Olim: F-12206 |
||
| 856 |
_uhttp://bdh-rd.bne.es/viewer.vm?id=0000213717&page=1 _zBiblioteca Digital Hispánica |
||
| 999 |
_c166383 _d166383 |
||